О порядке применения льгот к первичным кооперативам

Доступно только в Электронных читальных залах Найти на картеНа карте
RUSMARC
00004000nac2a22002773x 450
001c98b4e8f-b458-43cc-a9a2-9d618f47716f
00520230624011226.0
100##$a20230605l19291931k y0rusy50 ca
1010#$arus
$amul
102##$aRU
105##$ay z |||||
1222#$ad19290709
$ad19310223
2001#$aО порядке применения льгот к первичным кооперативам
$j09.07.1929 - 23.02.1931
215##$a43 листа
$d38,6 х 26,2
251##$cДело
300##$aВ деле обратная нумерация
300##$aЧасть текста на языках народов СССР
300##$aВ деле имеются телеграммы
300##$aЧасть текста машинописная и рукописная, часть - напечатана типографским способом
324##$aВ деле имеются копии отдельных документов
461#0$1001796d4672-8a00-4986-b488-6e42273792cc
$12001
$aЦЕНТРАЛЬНЫЙ ИСПОЛНИТЕЛЬНЫЙ КОМИТЕТ СССР (ЦИК СССР).
$1251
$cФонд
$1852
$gР
$j3316
462#0$10016e6e8ba4-e15f-4ad4-8937-f1e88c150bfe
$12001
$aДела Секретариата Президиума ЦИК Союза ССР. 1929 г.
$vД. 69
$1251
$cОпись
$1852
$j22
60101$3RU\NLR\AUTH\880357276
$aСССР
$bЦИК
801#0$aRU
$bGA_RF
801#1$aRU
$bГлавНИВЦ
$c20230605
$2rusmarc
801#2$aRU
$bПБ им. Б.Н. Ельцина
$c20230624
$gRCR
$2rusmarc
852##$aГА РФ
$j69
937##$d185689546
$hГАРФ
035##$aRuPRLIB51071662
856##$uhttp://readingroom.main.prlib.ru/item.aspx?id_node=n185689546&mode=full
Формат отображения